000 00615nam a22002417a 4500
003 UA-OsUOA
001 20460
007 ta
008 20031029b un ||||| |||| 00| 0 ukr d
100 _aЗабелин И.М.
090 _a910.1(40+571)
_bЗ-12
942 _cBK
040 _aUA-OsUOA
_brus
_cUA-OsUOA
_dUA-OsUOA
245 _aПутешествие в глубь науки ( Академик А. Григорьев)
300 _a78 с.
955 _a0
041 _arus
080 _a910.1(40+571)
260 _aМосква
_bМысль
_c1976
044 _aRU
650 7 _2UDC
999 _c306637
_d306637